Statistiques concernant Culture Générale - Série 1148

Cliquez ici pour prendre le quiz!

Statistiques générales

  • Ce quiz a été pris 41 fois
  • Le résultat moyen est 6 sur 10

Statistiques - réponses

QuestionRéponse% Correct
Quelle femelle de l'espèce bovine peut être montbéliarde, normande ou charolaise ?vache
100%
Quelle est la capitale du Maroc ?Rabat
90%
Dans quel département se trouve le château de Versailles ?Yvelines
80%
Quelle partie externe, colorée et parfumée de l'écorce d'un agrume, utilisée pour aromatiser des préparations culinaires, désigne aussi une très petite quantité ?zeste
78%
En France, en quelle année l'âge de la majorité a-t-il été fixé à 18 ans ?1974
68%
En 1980, quelle chanteuse et actrice américaine interprétait "Woman In Love" ?Barbra Streisand
40%
En 1996, quel athlète français devient champion olympique de saut à la perche à Atlanta ?Jean Galfione
38%
Dans quel département se trouve le château de Vaux le Vicomte ?Seine et Marne
35%
Quel ancien athlète détient le record de France du 400 m haies depuis 1995 ?Stéphane Diagana
23%
Quel écrivain français est l'auteur de la nouvelle "Un coeur simple", extrait du recueil "Trois contes" publié en 1877 ?Gustave Flaubert
10%

Distribution des résultats

Percentile par nombre de réponses

% des personnes avec chaque résultat

Votre développement - résultats

Vous n’avez pas pris ce quiz